00585 2200205 4500001002100000005001500021035002000036007000300056008004100059020001800100082001100118084001700129100001300146245011300159250001000272260003800282300003000320650002100350990000800371INLIS00000000000247020181206113935 a0010-1218000029ta181206 g 0 ind  a979-489-271-8 a307.72 a307.72 KUS m0 aKUSNAEDI1 aMembangun Desa :bPedoman untuk penggerak program IDT, Mahasiswa KKn, dan Kader Pembangunan Desa /cKUSNAEDI acet.1 aJakarta :bPenebar Swadaya,c1995 aix,170hlm ;c14,5 x 21 cm aPEMBANGUNAN DESA a921